000 01962cam a22003738i 4500
001 23612874
005 20260608130430.0
006 m |o d |
007 cr_|||||||||||
008 240314s2024 enk ob 001 0 eng
010 _a 2024009757
020 _a9781804290033 (paperback)
035 _a23612874
040 _aDLC
_beng
_erda
_cDLC
_dDLC
042 _apcc
082 0 0 _a363.706 RAM
_223/eng/20240319
100 1 _aRamana, M. V.,
_d1966-
245 1 0 _aNuclear is not the solution :
_bthe folly of atomic power in the age of climate change /
_cM. V. Ramana.
263 _a2407
264 1 _aLondon ;
_bVerso,
_c2024.
300 _aviii, 264 pages;
_c22 cm.
365 _bRs. 1967.00
504 _aIncludes bibliographical references and index.
505 _aAcknowledgments - Introduction - I. Undesirable: Risks to the Environment and People's Health from Nuclear Energy - 2. Infeasible: The Financial and Temporal Costs of Nuclear Energy - 3. Private Profits, Social Costs: Industry Strategies - 4. Enabling Moneymaking, Singing Praise: Governments and Nuclear Power - 5. May the Atom Be a Soldier: Nuclear Power for War - 6. Magical Thinking and Billionaire Messiahs: New Technology as Solution? - Conclusion - Notes - Index.
520 _a"Breaks any illusions in the hope of nuclear power to create a green energy future"--
_cProvided by publisher.
588 _aDescription based on print version record and CIP data provided by publisher; resource not viewed.
650 0 _aNuclear power plants
_xRisk assessment.
650 0 _aNuclear energy
_xGovernment policy.
650 0 _aClimate change mitigation
_xGovernment policy.
776 0 8 _iPrint version:
_aRamana, M. V., 1966-
_tNuclear is not the solution
_dLondon ; New York : Verso, 2024
_z9781804290002
_w(DLC) 2024009756
906 _a7
_bcbc
_corignew
_d1
_eecip
_f20
_gy-gencatlg
942 _2ddc
_cBK
999 _c217986
_d217986